000 00710nam a22002177a 4500
005 20140725110339.0
010 _aENG-110070
020 _a9789380607986
_c1295.00
035 _aEN-93603
037 _bDBAD/PUB
082 _a330.954
245 _aEssays in modern Indian economic history /
_cedited with an introduction by Sabyasachi Bhattacharya
250 _a2nd ed
260 _aDelhi
_bPrimus Books
_c2014
270 _aVirat Bhavan, Mukherjee Nagar Commercial Complex
_bDelhi
_e110009
300 _axxii,306p.
_c25cm(Hb)
490 _aIndian History Congress monograph series
500 _aIncludes index
700 _aBhattacharya, Sabyasachi
942 _2ddc
_cEN
_mESS
_h330.954
999 _c84491
_d84491